| 000 | 01384nab a22002777a 4500 | ||
|---|---|---|---|
| 999 |
_c5917 _d5917 |
||
| 003 | OSt | ||
| 005 | 20260114005739.0 | ||
| 008 | 190605e xxu||||| |||| 00| 0 spa d | ||
| 040 | _cPJ | ||
| 100 |
_94192 _aArce, Sergio A. |
||
| 245 | 1 | 0 |
_aDNU 70/2023 y el régimen indemnizatorio laboral / _cSergio A. Arce. |
| 260 |
_aCiudad Autónoma de Buenos Aires : _bThomson Reuters La Ley, _c2024. |
||
| 300 | _ap. 14-21 | ||
| 500 | _aCita: TR LALEY AR/DOC/3272/2023. | ||
| 505 | _aSumario: I. Introducción.— II. Eliminación de las indemnizaciones derivadas de la ausencia o deficiencia registral.— III. Trabajadores de casas particulares.— IV. Registración.— V. Eliminación de las indemnizaciones artículos 80, 132 bis LCT y 2 ley 25.323.— VI. Reformas en el régimen de reparación del despido arbitrario. | ||
| 505 | _t¿Te interesa el texto completo? Solicitalo al correo: koha@justierradelfuego.gov.ar | ||
| 650 | 0 |
_91316 _aDERECHO LABORAL |
|
| 650 | 0 |
_9200 _aDECRETOS DE NECESIDAD Y URGENCIA |
|
| 650 | 0 |
_94597 _aCONSTITUCIONALIDAD |
|
| 650 | 0 |
_91323 _aCONTRATO DE TRABAJO |
|
| 650 | 0 |
_91382 _aINDEMNIZACION |
|
| 650 | 0 |
_91534 _aINDEMNIZACION POR DESPIDO |
|
| 650 | 0 |
_9761 _aPODER EJECUTIVO |
|
| 773 | 0 |
_02711 _93168 _dCiudad Autónoma de Buenos Aires : Thomson Reuters La Ley, 1999-2002. _tRevista de derecho del trabajo. Nº 1 - Enero 2024 |
|
| 942 |
_2udc _cANA |
||